<?xml version="1.0" encoding="UTF-8"?>
<record
    xmlns:xsi="http://www.w3.org/2001/XMLSchema-instance"
    xsi:schemaLocation="http://www.loc.gov/MARC21/slim http://www.loc.gov/standards/marcxml/schema/MARC21slim.xsd"
    xmlns="http://www.loc.gov/MARC21/slim">

  <leader>00555nam a2200181Ia 4500</leader>
  <controlfield tag="003">OSt</controlfield>
  <controlfield tag="005">20200319104720.0</controlfield>
  <controlfield tag="008">190216s9999||||xx |||||||||||||| ||und||</controlfield>
  <datafield tag="020" ind1=" " ind2=" ">
    <subfield code="a">9788122436235</subfield>
  </datafield>
  <datafield tag="040" ind1=" " ind2=" ">
    <subfield code="c">oclc</subfield>
  </datafield>
  <datafield tag="082" ind1=" " ind2=" ">
    <subfield code="a">300.723</subfield>
    <subfield code="b">KOT/R</subfield>
  </datafield>
  <datafield tag="100" ind1=" " ind2=" ">
    <subfield code="a">Kothari, C R</subfield>
    <subfield code="9">817</subfield>
  </datafield>
  <datafield tag="245" ind1=" " ind2="0">
    <subfield code="a">Research Methodology Methods And Techniques /</subfield>
    <subfield code="c">C R Kothari ; Gaurav Garg</subfield>
  </datafield>
  <datafield tag="250" ind1=" " ind2=" ">
    <subfield code="a">3rd ed.</subfield>
  </datafield>
  <datafield tag="260" ind1=" " ind2=" ">
    <subfield code="b">New Age International Publishers,</subfield>
    <subfield code="c">2014.</subfield>
    <subfield code="a">New Delhi:</subfield>
  </datafield>
  <datafield tag="300" ind1=" " ind2=" ">
    <subfield code="a">449p</subfield>
  </datafield>
  <datafield tag="942" ind1=" " ind2=" ">
    <subfield code="c">BK</subfield>
    <subfield code="2">ddc</subfield>
    <subfield code="h">300.723</subfield>
    <subfield code="i">KOT/R</subfield>
    <subfield code="k">300.723</subfield>
    <subfield code="m">KOT/R</subfield>
  </datafield>
  <datafield tag="952" ind1=" " ind2=" ">
    <subfield code="0">0</subfield>
    <subfield code="1">0</subfield>
    <subfield code="2">ddc</subfield>
    <subfield code="4">0</subfield>
    <subfield code="7">0</subfield>
    <subfield code="8">RESEARCH</subfield>
    <subfield code="a">MES</subfield>
    <subfield code="b">MES</subfield>
    <subfield code="c">RESEARCH</subfield>
    <subfield code="d">2019-02-20</subfield>
    <subfield code="g">275.00</subfield>
    <subfield code="l">12</subfield>
    <subfield code="m">14</subfield>
    <subfield code="o">300.723 KOT/R</subfield>
    <subfield code="p">38334</subfield>
    <subfield code="r">2024-02-26 13:32:03</subfield>
    <subfield code="s">2024-02-21</subfield>
    <subfield code="t">1</subfield>
    <subfield code="w">2019-02-20</subfield>
    <subfield code="y">BK</subfield>
    <subfield code="z">GL20R3</subfield>
  </datafield>
  <datafield tag="952" ind1=" " ind2=" ">
    <subfield code="0">0</subfield>
    <subfield code="1">0</subfield>
    <subfield code="2">ddc</subfield>
    <subfield code="4">0</subfield>
    <subfield code="7">0</subfield>
    <subfield code="8">RESEARCH</subfield>
    <subfield code="a">MES</subfield>
    <subfield code="b">MES</subfield>
    <subfield code="c">RESEARCH</subfield>
    <subfield code="d">2019-02-20</subfield>
    <subfield code="g">275.00</subfield>
    <subfield code="l">8</subfield>
    <subfield code="m">7</subfield>
    <subfield code="o">300.723 KOT/R</subfield>
    <subfield code="p">38335</subfield>
    <subfield code="r">2023-08-17 10:35:22</subfield>
    <subfield code="s">2023-08-14</subfield>
    <subfield code="t">2</subfield>
    <subfield code="w">2019-02-20</subfield>
    <subfield code="y">BK</subfield>
    <subfield code="z">GL20R3</subfield>
  </datafield>
  <datafield tag="952" ind1=" " ind2=" ">
    <subfield code="0">0</subfield>
    <subfield code="1">0</subfield>
    <subfield code="2">ddc</subfield>
    <subfield code="4">0</subfield>
    <subfield code="7">0</subfield>
    <subfield code="8">RESEARCH</subfield>
    <subfield code="a">MES</subfield>
    <subfield code="b">MES</subfield>
    <subfield code="c">RESEARCH</subfield>
    <subfield code="d">2019-02-20</subfield>
    <subfield code="g">275.00</subfield>
    <subfield code="l">12</subfield>
    <subfield code="m">20</subfield>
    <subfield code="o">300.723 KOT/R</subfield>
    <subfield code="p">38336</subfield>
    <subfield code="r">2025-09-12 10:59:08</subfield>
    <subfield code="s">2025-08-20</subfield>
    <subfield code="t">3</subfield>
    <subfield code="w">2019-02-20</subfield>
    <subfield code="y">BK</subfield>
    <subfield code="z">GL20R3</subfield>
  </datafield>
  <datafield tag="999" ind1=" " ind2=" ">
    <subfield code="c">11346</subfield>
    <subfield code="d">11346</subfield>
  </datafield>
</record>
